000 00401nam a22001577a 4500
003 IT-RoPau
005 20220918181103.0
008 130410b xxu||||| |||| 00| 0 eng d
040 _cIT-RoPau
100 _aFamiglia Paolina
_998
245 _aIl Cooperatore Paolino 1963 (annata rilegata)
250 _a1° ed.
260 _aRoma
_bCasa Generalizia SSP
_c1963
300 _c29 cm
942 _2ddc
_cBK
999 _c98344
_d98344